Male victims of sexual assault
| Contributors: | |
|---|---|
| Format: | Print Book |
| Language: | English |
| Published: |
Oxford [u.a.]
Oxford Univ. Press
1992
|
| In: | Year: 1992 |
| Online Access: |
Publisher description Table of contents |
| Availability in Tübingen: | Present in Tübingen. UB: KB 18 A 9890 |
| Check availability: | HBZ Gateway |
| Subito Delivery Service: | Order now. |
| Keywords: |
MARC
| LEADER | 00000cam a2200000 c 4500 | ||
|---|---|---|---|
| 001 | 112404871 | ||
| 003 | DE-627 | ||
| 005 | 20251222200027.0 | ||
| 007 | tu | ||
| 008 | 921122s1992 xxk||||| 00| ||eng c | ||
| 016 | 7 | |a b9234166 |2 UK | |
| 020 | |a 0192618717 |9 0-19-261871-7 | ||
| 035 | |a (DE-627)112404871 | ||
| 035 | |a (DE-576)030853192 | ||
| 035 | |a (DE-599)GBV112404871 | ||
| 035 | |a (OCoLC)25508017 | ||
| 035 | |a (OCoLC)25508017 | ||
| 035 | |a (DE-604)8059161701 | ||
| 040 | |a DE-627 |b ger |c DE-627 |e rakwb | ||
| 041 | |a eng | ||
| 044 | |c XA-GB |c XD-US |c XB-JP | ||
| 050 | 0 | |a HV6569.G7 | |
| 060 | 0 | |a W 795 M245 | |
| 082 | 0 | |a 362.883081 | |
| 082 | 0 | |a 362.88/3/081 |q OCLC | |
| 082 | 0 | |a 362.88 | |
| 082 | 0 | |a 616.89 | |
| 084 | |a CU 3040 |2 rvk |0 (DE-625)rvk/19105: | ||
| 084 | |a 44.72 |2 bkl | ||
| 084 | |a 77.45 |2 bkl | ||
| 245 | 0 | 0 | |a Male victims of sexual assault |c ed. by Gillian C. Mezey ... |
| 264 | 1 | |a Oxford [u.a.] |b Oxford Univ. Press |c 1992 | |
| 300 | |a VI, 149 S | ||
| 336 | |a Text |b txt |2 rdacontent | ||
| 337 | |a ohne Hilfsmittel zu benutzen |b n |2 rdamedia | ||
| 338 | |a Band |b nc |2 rdacarrier | ||
| 490 | 0 | |a Oxford medical publications | |
| 500 | |a Literaturangaben | ||
| 583 | 1 | |a Archivierung prüfen |c 20200919 |f DE-640 |z 1 |2 pdager | |
| 583 | 1 | |a Archivierung prüfen |c 20240324 |f DE-4165 |z 1 |2 pdager | |
| 583 | 1 | |a Archivierung/Langzeitarchivierung gewährleistet |c 20240722 |f NI-LastCopies |x XA-DE-NI |z Potenzieller Alleinbesitz Niedersachsen |2 pdager |5 DE-89 | |
| 650 | 0 | |a Male rape victims |x Psychology |x Great Britain | |
| 650 | 0 | |a Male rape |x Psychological aspects |x Great Britain | |
| 650 | 0 | |a Rape trauma syndrome | |
| 655 | 7 | |a Aufsatzsammlung |0 (DE-588)4143413-4 |0 (DE-627)105605727 |0 (DE-576)209726091 |2 gnd-content | |
| 689 | 0 | 0 | |d g |0 (DE-588)4022153-2 |0 (DE-627)104665513 |0 (DE-576)208942076 |a Großbritannien |2 gnd |
| 689 | 0 | 1 | |d s |0 (DE-588)4037363-0 |0 (DE-627)106237942 |0 (DE-576)209023732 |a Mann |2 gnd |
| 689 | 0 | 2 | |d s |0 (DE-588)4042696-8 |0 (DE-627)104174900 |0 (DE-576)209052031 |a Vergewaltigung |2 gnd |
| 689 | 0 | |5 (DE-627) | |
| 689 | 1 | 0 | |d s |0 (DE-588)4126865-9 |0 (DE-627)105729094 |0 (DE-576)20958873X |a Sexueller Missbrauch |2 gnd |
| 689 | 1 | 1 | |d s |0 (DE-588)4037363-0 |0 (DE-627)106237942 |0 (DE-576)209023732 |a Mann |2 gnd |
| 689 | 1 | |5 (DE-627) | |
| 689 | 2 | 0 | |d s |0 (DE-588)4126865-9 |0 (DE-627)105729094 |0 (DE-576)20958873X |a Sexueller Missbrauch |2 gnd |
| 689 | 2 | 1 | |d s |0 (DE-588)4029002-5 |0 (DE-627)104254262 |0 (DE-576)208980547 |a Junge |2 gnd |
| 689 | 2 | |5 (DE-627) | |
| 700 | 1 | |a Mezey, Gillian C. |e Hrsg. |4 edt | |
| 856 | 4 | 2 | |u http://www.loc.gov/catdir/enhancements/fy0635/92008441-d.html |x Verlag |y Publisher description |7 1 |
| 856 | 4 | 2 | |u http://www.loc.gov/catdir/enhancements/fy0635/92008441-t.html |x Verlag |y Table of contents |7 1 |
| 935 | |i Blocktest | ||
| 936 | r | v | |a CU 3040 |b Posttraumatische Belastungsstörung, Kritische Lebensereignisse, Stress. Bewältigung |k Psychologie |k Klinische Psychologie |k Psychische Störungen |k Posttraumatische Belastungsstörung, Kritische Lebensereignisse, Stress. Bewältigung |0 (DE-627)127158171X |0 (DE-625)rvk/19105: |0 (DE-576)20158171X |
| 936 | b | k | |a 44.72 |j Rechtsmedizin |0 (DE-627)106409476 |
| 936 | b | k | |a 77.45 |j Motivationspsychologie |0 (DE-627)106418424 |
| 951 | |a BO | ||
| ELC | |b 1 | ||
| LOK | |0 000 xxxxxcx a22 zn 4500 | ||
| LOK | |0 001 3150772826 | ||
| LOK | |0 003 DE-627 | ||
| LOK | |0 004 112404871 | ||
| LOK | |0 005 20151009135728 | ||
| LOK | |0 008 921125||||||||||||||||ger||||||| | ||
| LOK | |0 040 |a DE-21 |c DE-627 |d DE-21 | ||
| LOK | |0 852 |a DE-21 | ||
| LOK | |0 852 1 |c KB 18 A 9890 |9 00 | ||
| LOK | |0 935 |a krim | ||
| LOK | |0 939 |a 25-11-92 |b l01 | ||
| ORI | |a SA-MARC-krimdoka001.raw | ||
| SIG | |a UB: KB 18 A 9890 | ||
| TIM | |a 100017070101_100020261231 |b 1707 - 2026 | ||
